000 00469nam a22001817a 4500
005 20180208122012.0
008 160429b xxu||||| |||| 00| 0 eng d
020 _a817-808257-8
041 _aeng
082 _b00775
_a006.3
100 _aBratko, Ivan
_9221
245 _aPROLOG: Programming for artificial intellingence
250 _a3RD ED
260 _aNew Delhi
_bPearson Education,
_c2004
300 _a678
650 _aInformation Technology
_9137
942 _cBK
999 _c247
_d247